000 00457 a2200133 4500
001 ART_3431
005 20260410161714.0
008 260409a
245 1 0 _aLa cuestión tecnológica y la organización de la investigación agropecuaria en América Latina
100 1 _aPiñeiro, Martín E.
700 1 _aTrigo, Eduardo
700 1 _aSábato, Jorge F.
773 0 _tDesarrollo económico
_g- Vol. 23, Nº 89 (abr./jun. 1983)
_wREV1174
999 _c16385
_d16385